| 000 | 01290nam a2200349 a 4500 | ||
|---|---|---|---|
| 001 | 000109487 | ||
| 003 | CHAP | ||
| 005 | 20220329144052.0 | ||
| 008 | 140506s2013 mx sm |||||||spa d | ||
| 010 | _a105949 | ||
| 011 | _a106921 | ||
| 040 | _cCHAP | ||
| 090 | _aTesis | ||
| 100 | 0 | 0 |
_aZiga Gabriel, José Francisco _9124015 |
| 245 | 1 | 0 |
_aRitualidad y temporalidad en horizontes culturales diferenciados _h[En línea] _bLa Costa Chica de Oaxaca / _cpor José Francisco Ziga Gabriel. |
| 260 |
_aChapingo, Méx. : _bEl autor, _c2013. |
||
| 500 | _aPara ver el contenido del material haga clic en la liga | ||
| 502 | _aTesis (Ph. D. en Ciencias Agrarias) -- UACH. Departamento de Sociología Rural | ||
| 590 |
_aBATCH-UPD _b05 _c20140506 _lUCH01 _h1506 |
||
| 590 |
_aBATCH-UPD _b10 _c20141002 _lUCH01 _h0902 |
||
| 590 |
_aE11695DGD _b10 _c20140521 _lUCH01 _h1507 |
||
| 590 |
_aE5995AHE _b05 _c20140506 _lUCH01 _h1310 |
||
| 590 |
_aE5995AHE _b05 _c20140506 _lUCH01 _h1427 |
||
| 590 |
_aE5995AHE _b05 _c20140506 _lUCH01 _h1428 |
||
| 590 |
_aE5995AHE _b05 _c20140506 _lUCH01 _h1505 |
||
| 651 | 4 |
_aOaxaca _xCosmogonía. _9126735 |
|
| 651 | 4 |
_aOaxaca _xCultura. _9126734 |
|
| 856 |
_aFinding aid _uhttp://10.13.5.2/tesis/sist109487.pdf _zTeclea aquí |
||
| 901 | _aBK | ||
| 942 | _cTESIS | ||
| 942 | _n0 | ||
| 999 |
_c105949 _d105949 |
||